000 00517nam a2200217Ia 4500
003 OSt
005 20220928135418.0
006 a|||||r|||| 00| 0
007 ta
008 220927b |||||||| |||| 00| 0 eng d
024 _a2013
037 _cTextual
040 _aSDCL
_cSDCL
_beng
041 _2eng
_aeng
082 _aO-:g(S:55), L5
100 _aOwen D D R
_9490502
245 0 _aNoble lovers
260 _c1975
942 _hO-:g(S:55), L5
_cTEXL
_2CC
999 _c805825
_d805825